[Event "Bundesliga 2324"]
[Site "Germany"]
[Date "2024.02.23"]
[Round "9.3"]
[White "Riehle, Marco"]
[Black "Vitiugov, Nikita"]
[Result "0-1"]
[WhiteElo "2368"]
[BlackElo "2711"]
[PlyCount "74"]
[EventDate "2023.10.21"]
[EventType "team-tourn"]
[EventRounds "15"]
[EventCountry "GER"]
[SourceTitle "CB09_2024"]
[SourceDate "2024.02.28"]
[SourceVersion "1"]
[SourceVersionDate "2024.02.28"]
[SourceQuality "1"]
[WhiteTeam "Oetigheim"]
[BlackTeam "Baden-Baden"]
[WhiteTeamCountry "GER"]
[BlackTeamCountry "GER"]

1. e4 c5 2. Nf3 d6 3. d4 cxd4 4. Nxd4 Nf6 5. Nc3 a6 6. Be3 e5 7. Nb3 Be6 8. f3 Nbd7 9. Qd2 h5 10. 0-0-0 b5 11. Kb1 Rc8 12. a3 Be7 13. f4 Qc7 14. Nd5 Bxd5 15. exd5 Ne4 16. Qd3 f5 17. Be2 g6 18. Bf3 Ndf6 19. Bxe4 Nxe4 20. Nd2 Nf6 21. Nb3 Ne4 22. Nd2 Nxd2+ 23. Qxd2 e4 24. Bd4 Rh7 25. Bc3 Qa7 26. g3 Bf8 27. h3 Rhc7 28. g4 Rxc3 29. bxc3 Bg7 30. gxf5 Qc5 31. Ka2 Qc4+ 32. Kb1 Bxc3 33. Qg2 Bf6 34. Qd2 Qa4 35. Qc1 b4 36. Rh2 bxa3 37. fxg6 a2# 0-1

[Event "Bundesliga 2324"]
[Site "Germany"]
[Date "2024.01.14"]
[Round "6.3"]
[White "Vitiugov, Nikita"]
[Black "Dragnev, Valentin"]
[Result "1-0"]
[WhiteElo "2711"]
[BlackElo "2586"]
[PlyCount "229"]
[EventDate "2023.10.21"]
[EventType "team-tourn"]
[EventRounds "15"]
[EventCountry "GER"]
[SourceTitle "CB03_2024"]
[SourceDate "2024.01.17"]
[SourceVersion "1"]
[SourceVersionDate "2024.01.17"]
[SourceQuality "1"]
[WhiteTeam "Baden-Baden"]
[BlackTeam "Bayern Muenchen"]
[WhiteTeamCountry "GER"]
[BlackTeamCountry "GER"]

1. d4 d5 2. c4 e6 3. Nc3 Nf6 4. cxd5 exd5 5. Bg5 Be7 6. e3 0-0 7. Bd3 Re8 8. Nf3 h6 9. Bf4 c5 10. dxc5 Bxc5 11. 0-0 Nc6 12. Rc1 a6 13. Ne2 Ba7 14. Ned4 Nxd4 15. Nxd4 Ne4 16. Qh5 Nf6 17. Qf3 Ne4 18. Rfd1 Qf6 19. Bc2 Bd7 20. Bb3 Bc6 21. h3 Rac8 22. Rc2 a5 23. Nxc6 bxc6 24. Rdc1 d4 25. Bd5 Ng5 26. Bxg5 hxg5 27. Qxf6 gxf6 28. exd4 Bxd4 29. Bxc6 Re7 30. b3 Kf8 31. g3 Kg7 32. Kg2 Be5 33. Bb5 Rb8 34. Bd3 Bd6 35. Rc8 Rxc8 36. Rxc8 Bb4 37. Kf3 Rd7 38. Be4 Rd2 39. Rc2 Rd7 40. Kg4 Rd4 41. Kf5 Rd7 42. h4 Re7 43. f4 Be1 44. Rg2 Rc7 45. hxg5 Rc5+ 46. Kg4 fxg5 47. fxg5 Re5 48. Kf4 Re7 49. Rc2 Bb4 50. Rc6 Bd2+ 51. Kf5 Be1 52. g4 Bg3 53. Rc5 Be1 54. Rb5 Bb4 55. Rb6 Be1 56. Ra6 Rc7 57. g6 Rc5+ 58. Kf4 Bd2+ 59. Kf3 fxg6 60. Rxg6+ Kf7 61. Rd6 Bb4 62. Rc6 Rb5 63. Ke3 Rb8 64. g5 Rd8 65. g6+ Kg7 66. Rc7+ Kf6 67. Rf7+ Kg5 68. Kf3 Rc8 69. Rf5+ Kh6 70. Kg4 Rc1 71. Rf7 Rg1+ 72. Kf4 Bd2+ 73. Ke5 Bc3+ 74. Kd5 Bg7 75. Ra7 Rg5+ 76. Kd6 Rb5 77. Kc6 Rg5 78. Rd7 Rg4 79. Re7 Rg1 80. Ra7 Rg4 81. Bd3 Rg5 82. Ra8 Rg3 83. Bf5 Bc3 84. Ra7 Kg5 85. Rf7 Rg2 86. Be4 Rg4 87. Kb5 Kh6 88. Bd3 Rg2 89. Rh7+ Kg5 90. Rc7 Bb4 91. Be4 Rg4 92. Bd3 Rg3 93. Rd7 Kf6 94. Rf7+ Kg5 95. Rf5+ Kh6 96. Rd5 Rg2 97. Rd7 Kg5 98. Rd4 Kf6 99. a3 Bxa3 100. Kxa5 Ke5 101. Rd8 Be7 102. Rd7 Ke6 103. Rb7 Bd8+ 104. Kb5 Kd6 105. Rf7 Rg5+ 106. Bf5 Ke5 107. Kc6 Bf6 108. Bd3 Ke6 109. b4 Rg3 110. Rd7 Be7 111. b5 Rg5 112. Rxe7+ Kxe7 113. b6 Rh5 114. b7 Rh8 115. Kc7 1-0

[Event "London Classic 13th"]
[Site "London"]
[Date "2023.12.02"]
[Round "2"]
[White "Vitiugov, Nikita"]
[Black "Gukesh, Dommaraju"]
[Result "1/2-1/2"]
[WhiteElo "2712"]
[BlackElo "2746"]
[PlyCount "155"]
[EventDate "2023.12.01"]
[EventType "tourn"]
[EventRounds "9"]
[EventCountry "ENG"]
[EventCategory "16"]
[SourceTitle "CB50_2023"]
[SourceDate "2023.12.13"]
[SourceVersion "1"]
[SourceVersionDate "2023.12.13"]
[SourceQuality "1"]

1. d4 d5 2. c4 c6 3. Nf3 Nf6 4. cxd5 cxd5 5. Nc3 Nc6 6. Bf4 Bf5 7. e3 e6 8. Ne5 Nd7 9. Nxc6 bxc6 10. a3 Be7 11. Be2 0-0 12. Rc1 c5 13. dxc5 Nxc5 14. b4 Ne4 15. Nxe4 Bxe4 16. 0-0 Bd6 17. Bxd6 Qxd6 18. Qd2 Rfc8 19. Rc3 e5 20. Rfc1 Rd8 21. Rc7 d4 22. f3 Bd5 23. exd4 Be6 24. d5 Qb6+ 25. R1c5 Rxd5 26. Qe3 Rxc5 27. Qxc5 f6 28. Kf1 Qxc5 29. Rxc5 Rc8 30. Rxc8+ Bxc8 31. Bc4+ Kf8 32. Ke2 Ke7 33. Kd3 f5 34. a4 g5 35. Bd5 Kd6 36. Kc4 Bd7 37. b5 h6 38. Ba8 Be6+ 39. Kb4 Bf7 40. a5 Kc7 41. Kc5 Bb3 42. Bc6 Bc2 43. b6+ axb6+ 44. axb6+ Kb8 45. Kd5 e4 46. Kd4 exf3 47. Bxf3 f4 48. Ke5 Bg6 49. Kf6 Be8 50. Ke7 Bb5 51. Kf6 Be8 52. Kg7 h5 53. Kf6 g4 54. Be4 f3 55. gxf3 gxf3 56. Bxf3 h4 57. Kg5 h3 58. Kh4 Bd7 59. Kg3 Be6 60. Kf4 Bd7 61. Bg4 Be8 62. Bf3 Bd7 63. Kg5 Be8 64. Kf5 Bb5 65. Ke5 Bf1 66. Kf4 Bg2 67. Kg3 Bxf3 68. Kxf3 Kb7 69. Kg4 Kxb6 70. Kxh3 Kc7 71. Kg4 Kd7 72. Kg5 Ke7 73. Kg6 Kf8 74. h4 Kg8 75. h5 Kh8 76. h6 Kg8 77. h7+ Kh8 78. Kh6 1/2-1/2

[Event "EU-chT 24th"]
[Site "Budva"]
[Date "2023.11.12"]
[Round "2.4"]
[White "Navara, David"]
[Black "Vitiugov, Nikita"]
[Result "0-1"]
[WhiteElo "2695"]
[BlackElo "2712"]
[PlyCount "116"]
[EventDate "2023.11.11"]
[EventType "team-swiss"]
[EventRounds "9"]
[EventCountry "MNE"]
[SourceTitle "CB47_2023"]
[SourceDate "2023.11.22"]
[SourceVersion "1"]
[SourceVersionDate "2023.11.22"]
[SourceQuality "1"]
[WhiteTeam "Czech Republic"]
[BlackTeam "England"]
[WhiteTeamCountry "CZE"]
[BlackTeamCountry "ENG"]

1. e4 c5 2. Nf3 d6 3. d4 cxd4 4. Nxd4 Nf6 5. Nc3 a6 6. Bd3 g6 7. f3 Bg7 8. Be3 Nbd7 9. Qd2 b5 10. a4 b4 11. Na2 d5 12. Nxb4 dxe4 13. fxe4 Bb7 14. 0-0 Ne5 15. Rad1 0-0 16. Kh1 Nxe4 17. Bxe4 Bxe4 18. Bh6 Nc4 19. Qe2 Bxh6 20. Ndc6 Qe8 21. Qxe4 Ne3 22. Nd5 Nxd1 23. Rxd1 f5 24. Ndxe7+ Kh8 25. Qh4 Bg7 26. Rd6 h6 27. Rxg6 Kh7 28. h3 Rf7 29. Rd6 Qf8 30. Qg3 Rxe7 31. Qg6+ Kh8 32. Nxe7 Qxe7 33. Re6 Qg5 34. Qxg5 hxg5 35. Rg6 Rc8 36. Rxg5 Bxb2 37. Rxf5 Rxc2 38. Ra5 Rc6 39. g4 Bc3 40. Rd5 Rc4 41. a5 Ra4 42. Rd8+ Kg7 43. Rd7+ Kf8 44. Ra7 Rxa5 45. h4 Ra4 46. Kh2 a5 47. Kh3 Ra3 48. Ra8+ Kf7 49. Kg2 Kf6 50. Rf8+ Ke5 51. g5 Ke4 52. g6 Be5 53. h5 Rg3+ 54. Kf1 Bd4 55. Ke2 Rg2+ 56. Kf1 Rg5 57. h6 Rxg6 58. h7 Rf6+ 0-1

[Event "FIDE Grand Swiss"]
[Site "Douglas"]
[Date "2023.11.03"]
[Round "9"]
[White "Niemann, Hans Moke"]
[Black "Vitiugov, Nikita"]
[Result "1/2-1/2"]
[WhiteElo "2667"]
[BlackElo "2711"]
[PlyCount "61"]
[EventDate "2023.10.25"]
[EventType "swiss"]
[EventRounds "11"]
[EventCountry "IOM"]
[SourceTitle "Mega2024 Update 01"]
[Source "Chessbase"]
[SourceDate "2023.11.12"]
[SourceVersion "1"]
[SourceVersionDate "2023.11.12"]
[SourceQuality "1"]

1. e4 e5 2. Nf3 Nc6 3. Bc4 Bc5 4. d3 Nf6 5. 0-0 d6 6. c3 h6 7. Nbd2 0-0 8. Re1 a5 9. Nf1 a4 10. h3 Ra5 11. d4 Bb6 12. b4 axb3 13. Bxb3 d5 14. exd5 Nxd5 15. dxe5 Nxc3 16. Qc2 Nd5 17. Bd2 Rc5 18. Qe4 Nc3 19. Qf4 Qd3 20. Ng3 Qg6 21. Nh4 Qg5 22. Qxg5 hxg5 23. Nf3 g4 24. hxg4 Bxg4 25. Be3 Rb5 26. Bxb6 Rxb6 27. Rac1 Nb5 28. e6 Bxe6 29. Bxe6 fxe6 30. Rxe6 Nd6 31. Re2 1/2-1/2

[Event "FIDE Grand Swiss"]
[Site "Douglas"]
[Date "2023.11.02"]
[Round "8"]
[White "Vitiugov, Nikita"]
[Black "Sindarov, Javokhir"]
[Result "1/2-1/2"]
[WhiteElo "2711"]
[BlackElo "2658"]
[PlyCount "80"]
[EventDate "2023.10.25"]
[EventType "swiss"]
[EventRounds "11"]
[EventCountry "IOM"]
[SourceTitle "Mega2024 Update 01"]
[Source "Chessbase"]
[SourceDate "2023.11.12"]
[SourceVersion "1"]
[SourceVersionDate "2023.11.12"]
[SourceQuality "1"]

1. d4 Nf6 2. c4 g6 3. Nc3 Bg7 4. e4 d6 5. Nf3 0-0 6. Be2 e5 7. 0-0 exd4 8. Nxd4 Nc6 9. Be3 Re8 10. f3 Nh5 11. Qd2 Nxd4 12. Bxd4 Nf4 13. Rf2 Bxd4 14. Qxd4 Qg5 15. Nd5 Nxd5 16. cxd5 Bd7 17. Rd1 f5 18. f4 Qh4 19. exf5 Bxf5 20. Bd3 Bxd3 21. Qxd3 Re7 22. f5 Rf8 23. Rdf1 Ref7 24. g3 Qf6 25. fxg6 Qxg6 26. Rxf7 Rxf7 27. Qxg6+ hxg6 28. Rc1 c5 29. dxc6 Rc7 30. Kf2 Rxc6 31. Rxc6 bxc6 32. Ke3 Kf7 33. b4 Ke6 34. h4 Kf5 35. Kf3 a6 36. g4+ Ke5 37. Ke3 Kf6 38. Ke4 Ke6 39. Kd4 Kf6 40. Ke4 Ke6 1/2-1/2

[Event "ESP-chT CECLUB Honor"]
[Site "Linares"]
[Date "2023.09.22"]
[Round "7.3"]
[White "Vallejo Pons, Francisco"]
[Black "Vitiugov, Nikita"]
[Result "0-1"]
[WhiteElo "2712"]
[BlackElo "2719"]
[PlyCount "120"]
[EventDate "2023.09.16"]
[EventType "team-tourn"]
[EventRounds "7"]
[EventCountry "ESP"]
[SourceTitle "EXT 2024"]
[Source "ChessBase"]
[SourceDate "2023.10.10"]
[SourceVersion "1"]
[SourceVersionDate "2023.10.10"]
[SourceQuality "1"]
[WhiteTeam "Casablanca MyInvestor"]
[BlackTeam "Jaime Casas"]
[WhiteTeamCountry "ESP"]
[BlackTeamCountry "ESP"]

1. e4 c5 2. Nf3 d6 3. d4 cxd4 4. Nxd4 Nf6 5. Nc3 a6 6. Bg5 e6 7. f3 Be7 8. Qd2 b5 9. a3 Bb7 10. 0-0-0 Nbd7 11. h4 Rc8 12. Kb1 h6 13. Be3 Nb6 14. Qe1 Nfd7 15. g4 Ne5 16. Rh3 g6 17. Bc1 Qc7 18. g5 hxg5 19. hxg5 Rxh3 20. Bxh3 Na4 21. Nxa4 bxa4 22. f4 Qc4 23. Be3 Bxe4 24. fxe5 dxe5 25. Bf1 Qc7 26. Bc1 Bb7 27. Nxe6 Qxc2+ 28. Ka1 Bf3 29. Bxa6 fxe6 30. Bxc8 Bxd1 31. Bd2 Bg4 32. Bb7 Bf5 33. Be3 Bd3 34. Qh1 Kd7 35. Qe1 e4 36. Bf4 Bc5 37. Be5 Be3 38. Qh1 Qc1+ 39. Qxc1 Bxc1 40. Ka2 Bxg5 41. b3 Bd2 42. bxa4 g5 43. Kb2 Bf4 44. Bd4 Kc7 45. Ba8 Bd2 46. Be5+ Kd7 47. Bc3 Be3 48. Be1 g4 49. a5 Bd4+ 50. Kb3 Kc7 51. a4 Be5 52. Bf2 g3 53. Bg1 g2 54. a6 Bxa6 55. Bxe4 Bb7 56. Bd3 Ba1 57. Kc2 e5 58. Bf5 Bd4 59. Bh2 g1Q 60. Bxg1 Bxg1 0-1

[Event "ESP-chT CECLUB Honor"]
[Site "Linares"]
[Date "2023.09.21"]
[Round "6.3"]
[White "Vitiugov, Nikita"]
[Black "Van Foreest, Jorden"]
[Result "1/2-1/2"]
[WhiteElo "2719"]
[BlackElo "2699"]
[PlyCount "84"]
[EventDate "2023.09.16"]
[EventType "team-tourn"]
[EventRounds "7"]
[EventCountry "ESP"]
[SourceTitle "EXT 2024"]
[Source "ChessBase"]
[SourceDate "2023.10.10"]
[SourceVersion "1"]
[SourceVersionDate "2023.10.10"]
[SourceQuality "1"]
[WhiteTeam "Jaime Casas"]
[BlackTeam "Andreu Paterna"]
[WhiteTeamCountry "ESP"]
[BlackTeamCountry "ESP"]

1. d4 Nf6 2. c4 g6 3. Nc3 Bg7 4. e4 d6 5. Nf3 0-0 6. Be2 e5 7. 0-0 Re8 8. dxe5 dxe5 9. Qxd8 Rxd8 10. Nd5 Ne8 11. Bg5 f6 12. Be3 Be6 13. Rfd1 Kf7 14. Nd2 Bf8 15. Nb3 c6 16. Nc3 Rxd1+ 17. Rxd1 b6 18. g3 Nd7 19. f4 Bb4 20. Kg2 Ke7 21. Rc1 Nd6 22. Nd2 h6 23. a3 Bc5 24. Bxc5 Nxc5 25. Kf3 a5 26. Ke3 g5 27. f5 Bf7 28. b4 axb4 29. axb4 Nd7 30. Kd3 Nb8 31. Kc2 Na6 32. Rb1 c5 33. b5 Nb4+ 34. Kb2 h5 35. Rh1 Kd7 36. h4 g4 37. Rf1 Kc7 38. Re1 Rd8 39. Rd1 Bg8 40. Kc1 Nb7 41. Nb3 Nd6 42. Nd2 Nb7 1/2-1/2

[Event "ESP-chT CECLUB Honor"]
[Site "Linares"]
[Date "2023.09.18"]
[Round "3.1"]
[White "Vitiugov, Nikita"]
[Black "Cheparinov, Ivan"]
[Result "1/2-1/2"]
[WhiteElo "2719"]
[BlackElo "2654"]
[PlyCount "104"]
[EventDate "2023.09.16"]
[EventType "team-tourn"]
[EventRounds "7"]
[EventCountry "ESP"]
[SourceTitle "EXT 2024"]
[Source "ChessBase"]
[SourceDate "2023.10.10"]
[SourceVersion "1"]
[SourceVersionDate "2023.10.10"]
[SourceQuality "1"]
[WhiteTeam "Jaime Casas"]
[BlackTeam "Extremadura Magic"]
[WhiteTeamCountry "ESP"]
[BlackTeamCountry "ESP"]

1. d4 Nf6 2. c4 e6 3. Nc3 Bb4 4. e3 0-0 5. Bd3 d5 6. a3 dxc4 7. Bxc4 Be7 8. Nf3 c5 9. 0-0 a6 10. dxc5 Bxc5 11. Qe2 b5 12. Ba2 Bb7 13. e4 Qc7 14. e5 Nfd7 15. Bf4 Bxf3 16. Qxf3 Nc6 17. Qg3 Bd4 18. Rad1 Bxe5 19. Rxd7 Qxd7 20. Bxe5 Nxe5 21. Qxe5 Rfd8 22. g3 Qd4 23. Qe2 Qd2 24. Re1 Rab8 25. Bb3 b4 26. axb4 Qxe2 27. Rxe2 Rxb4 28. Bc2 Rc8 29. Nd1 Rd4 30. Ne3 a5 31. b3 g5 32. Kf1 Rc5 33. Ke1 Kg7 34. Rd2 Rxd2 35. Kxd2 f5 36. f4 gxf4 37. gxf4 Kf6 38. Bd3 e5 39. fxe5+ Rxe5 40. Nxf5 Rxf5 41. Bxf5 Kxf5 42. Kc3 Kg4 43. Kc4 Kh3 44. Kb5 h5 45. Kxa5 h4 46. b4 Kxh2 47. b5 h3 48. b6 Kg1 49. b7 h2 50. b8Q h1Q 51. Qb1+ Kh2 52. Qxh1+ Kxh1 1/2-1/2

[Event "FIDE World Cup"]
[Site "Baku"]
[Date "2023.08.06"]
[Round "3.2"]
[White "Vitiugov, Nikita"]
[Black "Berkes, Ferenc"]
[Result "1/2-1/2"]
[WhiteElo "2720"]
[BlackElo "2615"]
[PlyCount "46"]
[EventDate "2023.07.30"]
[EventType "k.o."]
[EventRounds "8"]
[EventCountry "AZE"]
[SourceTitle "EXT 2024"]
[Source "ChessBase"]
[SourceDate "2023.10.10"]
[SourceVersion "1"]
[SourceVersionDate "2023.10.10"]
[SourceQuality "1"]

1. e4 e6 2. d4 d5 3. e5 c5 4. c3 Nc6 5. Nf3 Qb6 6. a3 Bd7 7. b4 cxd4 8. cxd4 Rc8 9. Be3 Nh6 10. Bd3 Ng4 11. 0-0 Be7 12. Nbd2 Nxe3 13. fxe3 0-0 14. Nb3 Nb8 15. Qe2 a6 16. Nc5 Bb5 17. Bxb5 axb5 18. Rac1 Qc6 19. Rc3 Nd7 20. Na4 Qa6 21. Nc5 Qc6 22. Na4 Qa6 23. Nc5 Qc6 1/2-1/2

[Event "Titled Tuesday intern op 25th Jul Early"]
[Site "Chess.com INT"]
[Date "2023.07.25"]
[Round "1"]
[White "Vitiugov, Nikita"]
[Black "Novikov, Evgenij"]
[Result "1-0"]
[WhiteElo "2720"]
[BlackElo "2276"]
[PlyCount "55"]
[EventDate "2023.07.25"]
[EventType "swiss (blitz)"]
[EventRounds "11"]
[EventCountry "USA"]
[SourceTitle "EXT 2024"]
[Source "ChessBase"]
[SourceDate "2023.10.10"]
[SourceVersion "1"]
[SourceVersionDate "2023.10.10"]
[SourceQuality "1"]

1. e4 c6 2. d4 d5 3. e5 Bf5 4. Bd3 Bxd3 5. Qxd3 e6 6. Ne2 Nd7 7. 0-0 Ne7 8. Nd2 Rc8 9. c3 a6 10. b4 Nf5 11. Nf3 Be7 12. g4 Nh4 13. Nxh4 Bxh4 14. f4 Be7 15. f5 Nb6 16. Nf4 Qd7 17. Qh3 h6 18. fxe6 fxe6 19. Ng6 Rg8 20. Qh5 Kd8 21. Rf7 Re8 22. Rxg7 Rc7 23. Bxh6 Nc8 24. Rf1 c5 25. bxc5 Qa4 26. Nf4 Kd7 27. Qf7 Qc6 28. Rg6 1-0

[Event "Titled Tuesday intern op 25th Jul Early"]
[Site "Chess.com INT"]
[Date "2023.07.25"]
[Round "3"]
[White "Vitiugov, Nikita"]
[Black "Weetik, Vjacheslav"]
[Result "0-1"]
[WhiteElo "2720"]
[BlackElo "2423"]
[PlyCount "90"]
[EventDate "2023.07.25"]
[EventType "swiss (blitz)"]
[EventRounds "11"]
[EventCountry "USA"]
[SourceTitle "EXT 2024"]
[Source "ChessBase"]
[SourceDate "2023.10.10"]
[SourceVersion "1"]
[SourceVersionDate "2023.10.10"]
[SourceQuality "1"]

1. e4 c6 2. d4 d5 3. f3 dxe4 4. fxe4 e5 5. Nf3 Bg4 6. c3 Nd7 7. Be2 Bd6 8. Nbd2 Bc7 9. Nc4 Ngf6 10. Bg5 h6 11. Bxf6 gxf6 12. 0-0 Qe7 13. Nh4 Be6 14. Ne3 0-0-0 15. Nhf5 Qf8 16. Kh1 exd4 17. cxd4 Nb6 18. Qc2 Kb8 19. a3 h5 20. b4 h4 21. Bf3 h3 22. g3 a6 23. Rac1 Rc8 24. Rfd1 Qg8 25. a4 Qg5 26. a5 Nd7 27. Qf2 Nf8 28. Rc5 Nd7 29. Rc3 Nf8 30. Rb1 Ng6 31. Rc5 Rcd8 32. Bd1 Nf8 33. Ba4 Nd7 34. Rc3 Rhe8 35. Qf3 Ka7 36. Rbc1 Nb8 37. Qf2 Ka8 38. Bd1 Bc8 39. Bf3 Rd7 40. d5 Red8 41. dxc6 Nxc6 42. Nd5 Be5 43. Rc5 Kb8 44. b5 axb5 45. Rxb5 Qxc1+ 0-1

[Event "Titled Tuesday intern op 18th Jul Early"]
[Site "Chess.com INT"]
[Date "2023.07.18"]
[Round "1"]
[White "Baches Garcia, Guillermo"]
[Black "Vitiugov, Nikita"]
[Result "0-1"]
[WhiteElo "2327"]
[BlackElo "2720"]
[PlyCount "64"]
[EventDate "2023.07.18"]
[EventType "swiss (blitz)"]
[EventRounds "11"]
[EventCountry "USA"]
[SourceTitle "EXT 2024"]
[Source "ChessBase"]
[SourceDate "2023.10.10"]
[SourceVersion "1"]
[SourceVersionDate "2023.10.10"]
[SourceQuality "1"]

1. e4 e5 2. Nf3 Nc6 3. Nc3 Nf6 4. d4 exd4 5. Nxd4 Bb4 6. Nxc6 bxc6 7. Bd3 0-0 8. 0-0 Re8 9. Bg5 h6 10. Bh4 d6 11. f4 Rb8 12. Kh1 Bc5 13. e5 dxe5 14. fxe5 Qd4 15. Bxf6 gxf6 16. Ne4 Rxe5 17. Nxc5 Qxc5 18. Rxf6 Kg7 19. Qf3 Be6 20. Rf1 Rf8 21. b3 Rg5 22. Qe4 Rh8 23. R6f2 Bd5 24. Qf4 Qd6 25. Qd4+ Qe5 26. Qxa7 Rh5 27. Rf4 Re8 28. Qf2 Rg5 29. Rxf7+ Kh8 30. Rh7+ Kg8 31. Rxh6 Bxg2+ 32. Qxg2 Rxg2 0-1

[Event "Titled Tuesday intern op 18th Jul Early"]
[Site "Chess.com INT"]
[Date "2023.07.18"]
[Round "6"]
[White "Vitiugov, Nikita"]
[Black "Koshulyan, Egor A"]
[Result "0-1"]
[WhiteElo "2720"]
[BlackElo "2136"]
[PlyCount "64"]
[EventDate "2023.07.18"]
[EventType "swiss (blitz)"]
[EventRounds "11"]
[EventCountry "USA"]
[SourceTitle "EXT 2024"]
[Source "ChessBase"]
[SourceDate "2023.10.10"]
[SourceVersion "1"]
[SourceVersionDate "2023.10.10"]
[SourceQuality "1"]

1. c4 e6 2. Nc3 d5 3. d4 c6 4. e3 Nf6 5. Bd2 Nbd7 6. Rc1 Bd6 7. Nf3 0-0 8. Bd3 dxc4 9. Bxc4 b5 10. Bd3 Bb7 11. 0-0 Rc8 12. e4 e5 13. Ne2 exd4 14. Nexd4 Re8 15. Nf5 Bf8 16. Bg5 Nc5 17. Rxc5 Bxc5 18. e5 Qd5 19. exf6 Rcd8 20. Nxg7 Rf8 21. Ne1 Qxg5 22. Nh5 Bc8 23. h4 Qxh4 24. Bxh7+ Kxh7 25. Qc2+ Kg8 26. Qxc5 Rd5 27. Qe3 Rxh5 28. f4 Bg4 29. Nd3 Qxf6 30. Ne5 Be6 31. Rf3 Kh8 32. Rg3 Rg8 0-1

[Event "Leon 36th"]
[Site "Leon"]
[Date "2023.07.07"]
[Round "1.4"]
[White "Santos Latasa, Jaime"]
[Black "Vitiugov, Nikita"]
[Result "1-0"]
[WhiteElo "2656"]
[BlackElo "2720"]
[PlyCount "67"]
[EventDate "2023.07.07"]
[EventType "k.o. (rapid)"]
[EventRounds "2"]
[EventCountry "ESP"]
[SourceTitle "CBM 215 Extra"]
[Source "ChessBase"]
[SourceDate "2023.09.30"]
[SourceVersion "1"]
[SourceVersionDate "2023.09.30"]
[SourceQuality "1"]

1. e4 c5 2. Nf3 e6 3. d4 cxd4 4. Nxd4 a6 5. Bd3 Bc5 6. Nb3 Be7 7. Qg4 g6 8. Qe2 d6 9. 0-0 Nd7 10. Na3 Ngf6 11. Nc4 b5 12. Nca5 Qc7 13. Bd2 h5 14. a4 bxa4 15. Rxa4 Nb6 16. Raa1 h4 17. h3 Rh5 18. Rfe1 Kf8 19. Nd4 Kg8 20. b4 Bf8 21. c4 Nbd7 22. Nf3 Rb8 23. Rab1 Bg7 24. Rec1 Nf8 25. b5 Bd7 26. Nd4 axb5 27. cxb5 Rc5 28. Ndc6 Bxc6 29. Nxc6 Ra8 30. Be3 Rxc1+ 31. Rxc1 d5 32. e5 Ne4 33. Bxe4 dxe4 34. b6 1-0

[Event "Leon 36th"]
[Site "Leon"]
[Date "2023.07.07"]
[Round "1.3"]
[White "Vitiugov, Nikita"]
[Black "Santos Latasa, Jaime"]
[Result "0-1"]
[WhiteElo "2720"]
[BlackElo "2656"]
[PlyCount "100"]
[EventDate "2023.07.07"]
[EventType "k.o. (rapid)"]
[EventRounds "2"]
[EventCountry "ESP"]
[SourceTitle "CBM 215 Extra"]
[Source "ChessBase"]
[SourceDate "2023.09.30"]
[SourceVersion "1"]
[SourceVersionDate "2023.09.30"]
[SourceQuality "1"]

1. d4 Nf6 2. c4 e6 3. Nc3 d5 4. cxd5 exd5 5. Bf4 Bd6 6. Bxd6 Qxd6 7. e3 0-0 8. Bd3 Nc6 9. Nge2 Ne7 10. Qc2 g6 11. Ng3 a6 12. 0-0 h5 13. f3 h4 14. Nh1 Bf5 15. Nf2 c5 16. e4 dxe4 17. fxe4 Ng4 18. Nxg4 Bxg4 19. d5 c4 20. Be2 Bxe2 21. Qxe2 Qe5 22. Qxc4 Nc8 23. Rad1 Nd6 24. Qd3 b5 25. a3 Rac8 26. Rf2 Rc4 27. Re2 Rfc8 28. Rf1 a5 29. Qf3 b4 30. axb4 axb4 31. Nb5 Nxb5 32. Qxf7+ Kh8 33. Qxg6 Qg7 34. Qh5+ Kg8 35. Qxh4 Rc1 36. Ref2 Nd4 37. d6 Rxf1+ 38. Rxf1 Nf3+ 39. Rxf3 Qd4+ 40. Kf1 Rc1+ 41. Ke2 Rc2+ 42. Kf1 Qc4+ 43. Kg1 Qc5+ 44. Kf1 Qb5+ 45. Kg1 Qb6+ 46. Kf1 Qa6+ 47. Kg1 Qa7+ 48. Kf1 Qa1+ 49. Qe1 Rc1 50. Re3 Kf7 0-1

[Event "FRA-chT Top 16 Gp Haute"]
[Site "Chartres"]
[Date "2023.06.08"]
[Round "1.1"]
[White "Vitiugov, Nikita"]
[Black "Amin, Bassem"]
[Result "1/2-1/2"]
[WhiteElo "2721"]
[BlackElo "2690"]
[PlyCount "88"]
[EventDate "2023.06.08"]
[EventType "team-tourn"]
[EventRounds "4"]
[EventCountry "FRA"]
[SourceTitle "CBM 214 Extra"]
[Source "ChessBase"]
[SourceDate "2023.07.31"]
[SourceVersion "1"]
[SourceVersionDate "2023.07.31"]
[SourceQuality "1"]
[WhiteTeam "Bischwiller"]
[BlackTeam "Clichy Echecs 92"]
[WhiteTeamCountry "FRA"]
[BlackTeamCountry "FRA"]

1. d4 Nf6 2. c4 g6 3. Nc3 Bg7 4. e4 d6 5. Nf3 0-0 6. Be2 e5 7. 0-0 exd4 8. Nxd4 Re8 9. f3 c6 10. Nc2 Na6 11. Kh1 Nc7 12. Bg5 d5 13. cxd5 cxd5 14. Nb4 h6 15. Bxf6 Bxf6 16. Nbxd5 Nxd5 17. exd5 Qb6 18. Rb1 Bd7 19. Bc4 Rac8 20. Bb3 Bxc3 21. bxc3 Rxc3 22. Ba4 Qd6 23. Rxb7 Bxa4 24. Qxa4 Rec8 25. Qxa7 Ra3 26. Qf2 Qxd5 27. Rb2 Rca8 28. Ra1 h5 29. h3 Kh7 30. Rd2 Qc4 31. Rc2 Qd5 32. Qe2 R3a6 33. Rd1 Qe6 34. Qxe6 Rxe6 35. Rd4 Kg7 36. Kh2 Rea6 37. Rdd2 h4 38. Kg1 Kh6 39. Kf2 Kg5 40. Ke1 f5 41. Kf2 R8a7 42. g3 hxg3+ 43. Kxg3 Ra4 44. Rc5 R7a6 1/2-1/2

[Event "Titled Tuesday intern op 30th May Early"]
[Site "Chess.com INT"]
[Date "2023.05.30"]
[Round "7"]
[White "Deac, Bogdan Daniel"]
[Black "Vitiugov, Nikita"]
[Result "1-0"]
[WhiteElo "2700"]
[BlackElo "2724"]
[PlyCount "69"]
[EventDate "2023.05.30"]
[EventType "swiss (blitz)"]
[EventRounds "11"]
[EventCountry "USA"]
[SourceTitle "CBM 214 Extra"]
[Source "ChessBase"]
[SourceDate "2023.07.31"]
[SourceVersion "1"]
[SourceVersionDate "2023.07.31"]
[SourceQuality "1"]

1. e4 c5 2. Nf3 e6 3. c3 Nf6 4. e5 Nd5 5. Bc4 d6 6. d4 cxd4 7. cxd4 Be7 8. 0-0 0-0 9. Qe2 Nc6 10. a3 Bd7 11. Rd1 Rc8 12. Bxd5 exd5 13. Nc3 Be6 14. Bf4 Qd7 15. exd6 Bxd6 16. Bxd6 Qxd6 17. Ne5 Ne7 18. Rd3 Bf5 19. Re3 Ng6 20. Qb5 Be6 21. Rae1 Nxe5 22. Rxe5 b6 23. Qd3 Qd7 24. h4 h6 25. f4 g6 26. h5 Bf5 27. Qg3 Kh8 28. hxg6 fxg6 29. Qh4 Qg7 30. Re7 Qxd4+ 31. Kh1 Kg8 32. Qxh6 Qh8 33. Qxh8+ Kxh8 34. Nxd5 Rcd8 35. Nc3 1-0

[Event "Titled Tuesday intern op 30th May Early"]
[Site "Chess.com INT"]
[Date "2023.05.30"]
[Round "1"]
[White "Vitiugov, Nikita"]
[Black "Barbot, Pierre"]
[Result "1-0"]
[WhiteElo "2724"]
[BlackElo "2458"]
[PlyCount "67"]
[EventDate "2023.05.30"]
[EventType "swiss (blitz)"]
[EventRounds "11"]
[EventCountry "USA"]
[SourceTitle "CBM 214 Extra"]
[Source "ChessBase"]
[SourceDate "2023.07.31"]
[SourceVersion "1"]
[SourceVersionDate "2023.07.31"]
[SourceQuality "1"]

1. e4 c6 2. d4 d5 3. e5 c5 4. dxc5 e6 5. Bd3 Nc6 6. Nf3 Bxc5 7. 0-0 f6 8. Qe2 fxe5 9. Nxe5 Nxe5 10. Qxe5 Nf6 11. Bb5+ Kf7 12. Nd2 Rf8 13. Nf3 Kg8 14. Bg5 Bd6 15. Qe2 Qc7 16. Rae1 Ne4 17. Bh4 e5 18. Bd3 Bf5 19. c4 Nc5 20. Bxf5 Rxf5 21. Bg3 e4 22. Nd4 Bxg3 23. Nxf5 Bxh2+ 24. Kh1 Qe5 25. cxd5 Bf4 26. Qg4 g6 27. Ng3 Kh8 28. Re2 Rf8 29. Rd1 Bxg3 30. fxg3 Rf5 31. d6 Rh5+ 32. Kg1 Nd3 33. Qc8+ Kg7 34. Qc3 1-0